| 000 | 01161nai a22002537a 4500 | ||
|---|---|---|---|
| 999 |
_c7626 _d7626 |
||
| 001 | 991011881939706706 | ||
| 003 | OSt | ||
| 005 | 20211228110404.0 | ||
| 008 | 050908s2005 xx fs c | ||
| 020 | _a8467006080 | ||
| 035 | _a(ES-BaCBU).b42916057 | ||
| 040 |
_aES-BaCBU _bcat _cCDMR |
||
| 041 | 0 | _aspa | |
| 245 | 0 | 0 |
_aGran Espasa universal _h[Recurs electrònic] : _benciclopedia multimedia |
| 250 | _aed. limitada i numerada | ||
| 260 |
_aPozuelo de Alarcón : _bEspasa Calpe, _c2005 |
||
| 300 |
_a1 disc òptic (CD-ROM) _b: col. ; _c12 cm |
||
| 500 | _aTítol obtingut de la caràtula del Cd-Rom | ||
| 538 | _aRequeriments del sistema: ordinador PC IBM o compatible amb processador Pentium III a 500 MHz o superior; 32 MB de memoria RAM (recomanats 64 MB); 450 MB d́espai lliure al disc dur; tarja de vídeo SVGA amb 2 MB de memoria amb 65.535 colors a 800 x 600 pixels; tarja de so compatible amb windows; lector de DVD-ROM; sistema operatiu Windows 98 SE / ME/ 2000/ XP | ||
| 650 | 0 |
_aEnciclopèdies electròniques _94815 |
|
| 907 |
_a.b42916057 _b22-01-21 _c28-12-09 _d28-12-09 _ei _fu _g- _hspa _ixx _j0 _k1 |
||
| 908 | _aICAB | ||
| 942 |
_2udc _cADV |
||